000 02054nam a22002657a 4500
005 20250903090910.0
006 a|||||r|||||||||||
008 s2017 enk b 001 0 eng |
020 _a9781138234758
_qhbk
040 _aGR-AtMCL
_beng
_dGR-AtMCL
245 0 0 _aEvent management in sport, recreation and tourism :
_btheoretical and practical dimensions /
_cedited by Cheryl Mallen and Lorne J. Adams.
250 _a3 ed.
264 1 _aLondon ;
_aNew York :
_bRoutledge, Taylor & Francis Group,
_c2017.
300 _axix, 271 p. ;
_c24 cm
500 _aPrevious edition: 2013.
504 _aIncludes bibliographical references and index.
520 _aNow in a fully revised and updated third edition, Event Management in Sport, Recreation and Tourism provides a comprehensive theoretical and practical framework for planning and managing events. Focusing on the role of event managers and their diverse responsibilities through each phase of the event planning process, this is still the only textbook to define the concept of knowledge in the context of event management, placing it at the centre of professional practice. Designed to encourage critical thinking on the part of the student, this book helps them develop the skills that they will need to become effective and reflective practitioners in the events industry. Containing a rich array of international real-world case studies, data and practical examples from sport, recreation and tourism contexts, this third edition is also enhanced by two completely new chapters on contemporary management issues and ethics in event management. Event Management in Sport, Recreation and Tourism is essential reading for any student or practitioner working in event management, sport management, leisure management, outdoor recreation or tourism.
650 0 _aSpecial events
_xManagement
_910071
650 0 _aHealth & Sport
_910066
650 0 _aTourism
_910045
700 _aMallen, Cheryl
_4340
_910069
700 _aAdams, Lorne James
_910070
942 _cBK
999 _c9916
_d9916